<?xml version="1.0" encoding="UTF-8"?>
<collection xmlns="http://www.loc.gov/MARC21/slim">
 <record>
  <leader>01527nam a2200325 a 4500</leader>
  <controlfield tag="001">0017971</controlfield>
  <controlfield tag="003">BD-DhAAL</controlfield>
  <controlfield tag="008">090808s2006    nyu      b    001 0 eng d</controlfield>
  <datafield tag="010" ind1=" " ind2=" ">
   <subfield code="a">   90223183 </subfield>
  </datafield>
  <datafield tag="020" ind1=" " ind2=" ">
   <subfield code="a">0942299191</subfield>
  </datafield>
  <datafield tag="040" ind1=" " ind2=" ">
   <subfield code="a">DLC</subfield>
   <subfield code="c">DLC</subfield>
   <subfield code="d">DLC</subfield>
   <subfield code="d">BD-DhAAL</subfield>
  </datafield>
  <datafield tag="082" ind1="0" ind2="0">
   <subfield code="a">882.010916</subfield>
   <subfield code="2">20</subfield>
  </datafield>
  <datafield tag="100" ind1="1" ind2=" ">
   <subfield code="a">Vernant, Jean Pierre.</subfield>
   <subfield code="9">58043</subfield>
  </datafield>
  <datafield tag="240" ind1="1" ind2="0">
   <subfield code="a">Mythe et tragédie en Grèce ancienne.</subfield>
   <subfield code="l">English</subfield>
  </datafield>
  <datafield tag="245" ind1="1" ind2="0">
   <subfield code="a">Myth and tragedy in ancient Greece /</subfield>
   <subfield code="c">Jean-Pierre Vernant, Pierre Vidal-Naquet ; translated by Janet Lloyd.</subfield>
  </datafield>
  <datafield tag="250" ind1=" " ind2=" ">
   <subfield code="a">1st paperback ed., rev.</subfield>
  </datafield>
  <datafield tag="260" ind1=" " ind2=" ">
   <subfield code="a">New York :</subfield>
   <subfield code="b">Zone Books,</subfield>
   <subfield code="c">c2006.</subfield>
  </datafield>
  <datafield tag="300" ind1=" " ind2=" ">
   <subfield code="a">527 p. ;</subfield>
   <subfield code="c">23 cm</subfield>
  </datafield>
  <datafield tag="500" ind1=" " ind2=" ">
   <subfield code="a">Translation of: Mythe et tragédie en Grèce ancienne.</subfield>
  </datafield>
  <datafield tag="504" ind1=" " ind2=" ">
   <subfield code="a">Includes bibliographical references and index.</subfield>
  </datafield>
  <datafield tag="526" ind1=" " ind2=" ">
   <subfield code="a">ENH</subfield>
  </datafield>
  <datafield tag="541" ind1="1" ind2=" ">
   <subfield code="e">0017971</subfield>
   <subfield code="a">D. S. Books International</subfield>
  </datafield>
  <datafield tag="650" ind1=" " ind2="0">
   <subfield code="a">Greek drama (Tragedy)</subfield>
   <subfield code="x">History and criticism.</subfield>
   <subfield code="9">57382</subfield>
  </datafield>
  <datafield tag="650" ind1=" " ind2="0">
   <subfield code="a">Mythology, Greek, in literature.</subfield>
   <subfield code="9">58044</subfield>
  </datafield>
  <datafield tag="700" ind1="1" ind2=" ">
   <subfield code="a">Vidal-Naquet, Pierre,</subfield>
   <subfield code="d">1930-2006.</subfield>
   <subfield code="9">58045</subfield>
  </datafield>
  <datafield tag="852" ind1="4" ind2=" ">
   <subfield code="a">Ayesha Abed Library </subfield>
   <subfield code="c">General Stacks</subfield>
  </datafield>
  <datafield tag="942" ind1=" " ind2=" ">
   <subfield code="2">ddc</subfield>
   <subfield code="c">BK</subfield>
  </datafield>
  <datafield tag="999" ind1=" " ind2=" ">
   <subfield code="c">3339</subfield>
   <subfield code="d">3339</subfield>
  </datafield>
  <datafield tag="952" ind1=" " ind2=" ">
   <subfield code="0">0</subfield>
   <subfield code="1">4</subfield>
   <subfield code="2">ddc</subfield>
   <subfield code="4">0</subfield>
   <subfield code="6">882_010916000000000_VER</subfield>
   <subfield code="7">0</subfield>
   <subfield code="9">3030</subfield>
   <subfield code="a">BRACUL</subfield>
   <subfield code="b">BRACUL</subfield>
   <subfield code="c">GEN</subfield>
   <subfield code="d">2009-08-31</subfield>
   <subfield code="e">D. S. Books International</subfield>
   <subfield code="l">0</subfield>
   <subfield code="o">882.010916 VER</subfield>
   <subfield code="p">3010017971</subfield>
   <subfield code="r">2009-08-31</subfield>
   <subfield code="t">1</subfield>
   <subfield code="w">2009-08-31</subfield>
   <subfield code="y">BK</subfield>
   <subfield code="x">Koha Inventory 2020 ; USD 27.95</subfield>
  </datafield>
  <datafield tag="952" ind1=" " ind2=" ">
   <subfield code="0">0</subfield>
   <subfield code="1">0</subfield>
   <subfield code="2">ddc</subfield>
   <subfield code="4">0</subfield>
   <subfield code="6">882_010916000000000_VER_2006</subfield>
   <subfield code="7">0</subfield>
   <subfield code="9">10967</subfield>
   <subfield code="a">BRACUL</subfield>
   <subfield code="b">BRACUL</subfield>
   <subfield code="c">GEN</subfield>
   <subfield code="d">2010-06-14</subfield>
   <subfield code="e">D. S. Books International</subfield>
   <subfield code="l">8</subfield>
   <subfield code="m">32</subfield>
   <subfield code="o">882.010916 VER</subfield>
   <subfield code="p">3010017972</subfield>
   <subfield code="r">2024-02-18</subfield>
   <subfield code="s">2024-01-23</subfield>
   <subfield code="t">2</subfield>
   <subfield code="w">2010-06-14</subfield>
   <subfield code="y">BK</subfield>
   <subfield code="x">USD 27.95</subfield>
  </datafield>
 </record>
</collection>
